000 00469nam a2200145Ia 4500
008 100204s9999 xx 000 0 und d
082 _b11820
100 _aपरांजपे अशोक
245 _aरक्ताची तहान
260 _b"डिव्हाईन प्रकाशन, मुंबई"
_c1978
300 _a189
630 _aरक्ताची तहान
730 _aरक्ताची तहान
942 _cBOOK
999 _c456232
_d456229